000 00707nam a22002177a 4500
999 _c21619
_d21619
003 AR-CdUCM
008 201015b ||||| |||| 00| 0 spa d
020 _a9788430608126
040 _aMUNICIPALIDAD PROVINCIAL DEL CUSCO
_cBIBLIOTECA MUNICIPAL DEL CUSCO
082 _a303.483/C28
_bC28
100 _aCarr, Nicholas
_945554
245 _aSuperficiales :
_b¿Qué está haciendo Internet con nuestras mentes? /
_cNicholas Carr
260 _aLima ;
_bTaurus,
_c2016.
300 _a340 páginas. :
_c24 cm.
650 _aTecnología
_91571
650 _aAspectos sociales
_9262
650 _aAutomatización
_935468
700 _aCifuentes, Pedro (traductor)
_945555
942 _2ddc
_cLIBROS
945 _aRoel